უროლოგიის ინსტიტუტის შრომები : (ბიბ.ჩანაწერი № 62383)
[ მარტივი ფორმატი ]
| 000 -ლიდერი | |
|---|---|
| ფიქსირებული სიგრძის საკონტროლო ველი | 00841nam a22001817a 4500 |
| 003 - საკონტროლო ნომრის იდენტიფიკატორი | |
| საკონტროლო ველი | Ge_BSU |
| 005 - ბოლო ოპერაციის თარიღი და დრო | |
| საკონტროლო ველი | 20241018165131.0 |
| 008 - ფიქსირებული სიგრძის მონაცემთა ელემენტები - ზოგადი ინფორმაცია | |
| ფიქსირებული სიგრძის საკონტროლო ველი | 241018s1963 ge ||||| |||| 00| 0 geo d |
| 041 ## - ენის კოდი | |
| Language code of text/sound track or separate title | geo |
| 080 ## - უნივერსალური ათობითი კლასიფიკაციის ინდექსი | |
| Universal Decimal Classification number | 616.6(63) უ-61 |
| 245 ## - ცნობა სათაურის შესახებ | |
| Title | უროლოგიის ინსტიტუტის შრომები : |
| Remainder of title | ტომ 2/ |
| Statement of responsibility, etc | რედაქტორი ს. არშბა; საქართველოს სსრ მეცნიერებათა აკადემია. |
| 264 ## - წარმოების, გამოცემის, დისტრიბუციის და სხვა ცნობები | |
| გამოცემის, წარმოების, დისტრიბუციის... ადგილი | თბილისი: |
| გამოცემის, წარმოების, დისტრიბუციის... სახელწოდება | საქ. სსრ მეცნ. აკად., |
| გამოცემის, წარმოების, დისტრიბუციის... თარიღი | 1963. |
| 300 ## - ფიზიკური აღწერა | |
| Extent | 205 გვ. : |
| Other physical details | სურ., ცხრ. ; |
| Dimensions | 26 სმ. |
| 653 ## - INDEX TERM--UNCONTROLLED | |
| Uncontrolled term | უროლოგია |
| 653 ## - INDEX TERM--UNCONTROLLED | |
| Uncontrolled term | მედიცინა |
| 700 ## - ADDED ENTRY--PERSONAL NAME | |
| Personal name | არშბა, ს. |
| Relator term | რედაქტორი |
| 9 (RLIN) | 23448 |
| 942 ## - ADDED ENTRY ELEMENTS (KOHA) | |
| Source of classification or shelving scheme | |
| Koha item type | წიგნი |
არაა ხელმისაწვდომი ეგზემპლარები.
